000 00419nam a2200193Ia 4500
008 151119s9999||||xx |||||||||||||| ||und||
082 _a28.5
082 _bGKKV22578
100 _aENID BLYTON
245 _aTHE SECRET SEVEN
260 _a--
260 _b--
260 _c0
600 _aENID BLYTON
630 _aTHE SECRET SEVEN
700 _aENID BLYTON
730 _aTHE SECRET SEVEN
942 _cBOOK
999 _c1075306
_d1075303